Pasado perfecto / (Registro nro. 14067)
[ vista simple ]
| 000 -LIDER | |
|---|---|
| fixed length control field | 00706cam a2200253 4500 |
| 001 - NÚMERO DE CONTROL | |
| Identificador de número de control | |
| 003 - IDENTIFICACDOR DE NÚMERO DE CONTROL | |
| control field | |
| 005 - DATE AND TIME OF LATEST TRANSACTION | |
| control field | 20220311111639.0 |
| 008 - ELEMENTOS DE LONGITUD FIJA | |
| fixed length control field | 100324s2017 sp | |||| 000 f spa |
| 020 ## - ISBN | |
| International Standard Book Number | 9788483835586 |
| 040 ## - FUENTE DE CATALOGACIÓN | |
| Agencia que crea de manera original el registro | BPMSU |
| Idioma de catalogación | spa |
| Agencia que realiza la transcripción | BPMSU |
| Convenciones de la despripción | |
| 082 ## - NÚMERO DE CLASIFICACIÓN DECIMAL DE DEWEY | |
| Classification number | Cu863.6 |
| Item number | P125p 2017 |
| Edition number | 22 |
| 100 1# - ASIENTO PRINCIPAL -- NOMBRE PERSONAL | |
| Nombre personal | Padura, Leonardo |
| Fechas asociadas con el nombre | 1955- |
| 245 10 - MENCIÓN DE TITULO | |
| Título | Pasado perfecto / |
| Mención de responsabilidad | Leonardo Padura |
| 250 ## - MENCIÓN DE EDICION | |
| Mención de edición | 11a. ed. |
| 260 ## - PUBLICACIÓN, DISTRIBUCIÓN, ETC. (PIE DE IMPRENTA) | |
| Lugar de publicación, distribución, etc | Barcelona : |
| Nombre del editor, distribuidor, etc. | Maxi Tusquets, |
| Fecha de publicación, distribución, etc | 2017 |
| 300 ## - DESCRIPCIÓN FÍSICA | |
| Extensión | 232 p.; |
| Dimensiones | 19 cm |
| 490 0# - MENCIÓN DE SERIES | |
| Mención de serie | Mario Conde |
| Volume/sequential designation | 1 |
| 650 #4 - ENCABEZAMIENTO DE MATERIA--TEMÁTICO | |
| Término temático o nombre geográfico como elemento de entrada | Novela cubana. |
| 651 #4 - ENCABEZAMIENTO DE MATERIA--NOMBRE GEOGRÁFICO | |
| Nombre geográfico | La Habana (Cuba) |
| Subdivisión temática general | Vida cotidiana |
| Subdivisión de forma | Novela. |
| 800 1# - SERIES ADDED ENTRY--PERSONAL NAME | |
| Personal name | Padura, Leonardo |
| Dates associated with a name | 1955- |
| Title of a work | Serie Mario Conde |
| Volume/sequential designation | 1 |
| 910 ## - VALIDACIÓN | |
| Validación | VMateo V. |
| 942 ## - ADDED ENTRY ELEMENTS (KOHA) | |
| Source of classification or shelving scheme | Dewey Decimal Classification |
| Koha item type | Libros |
| Withdrawn status | Lost status | Source of classification or shelving scheme | Damaged status | Not for loan | Collection code | Home library | Current library | Date acquired | Total Checkouts | Full call number | Barcode | Date last seen | Price effective from | Koha item type |
|---|---|---|---|---|---|---|---|---|---|---|---|---|---|---|
| Dewey Decimal Classification | Colección General | Biblioteca Pública Metropolitana Salomé Ureña | Biblioteca Pública Metropolitana Salomé Ureña | 03/11/2022 | BPMSU CG Cu863.6 P125p 2017 | BPMSU22030027 | 03/11/2022 | 03/11/2022 | Referencia |